[Event "9th Norway Chess 2021"]
[Site "Stavanger"]
[Date "2021.09.10"]
[Round "4.2"]
[White "Tari, Aryan"]
[Black "Karjakin, Sergey"]
[Result "0-1"]
[WhiteElo "2642"]
[BlackElo "2758"]
[Annotator "TA"]
[PlyCount "110"]
[EventDate "2021.08.31"]
[EventType "tourn"]
[EventCountry "NOR"]
[SourceTitle "playchess.com"]
[Source "ChessBase"]
[SourceQuality "1"]

{[%evp 9,110,0,6,8,16,14,20,14,12,19,40,3,7,3,1,0,0,0,0,0,0,-18,0,0,16,-91,-92,
-216,-194,-191,-189,-222,-220,-282,-283,-399,-193,-191,-184,-180,-188,-213,
-202,-191,-154,-237,-224,-228,-224,-219,-215,-238,-153,-228,-169,-174,-174,
-268,-261,-413,-406,-467,-218,-204,-211,-238,-59,-108,-8,-10,0,0,0,0,-1,-247,
-241,-239,-242,-351,-358,-344,-354,-354,-349,-319,-342,-535,-216,-714,-699,
-1604,-1444,-29963,-29964,-29960,-29961,-29985,-29986,-29986,-29987,-29976,
-29977]} 1. e4 e5 2. Nf3 Nc6 3. Bb5 Nf6 4. d3 Bc5 5. Bg5 {[#]} Be7 $146 ({
Predecessor:} 5... Ne7 6. Bxf6 gxf6 7. d4 exd4 8. O-O c6 9. Bc4 O-O 10. Nxd4 d6
11. Nc3 f5 12. Qd2 Kh8 13. Rad1 Bb6 14. Nf3 fxe4 15. Nxe4 Nf5 16. g4 Ng7 17.
Qh6 Bxg4 18. Nfg5 Bf5 19. Nxd6 {1-0 (19) Van Foreest,J (2688)-So,W (2772)
chess24.com INT 2021}) 6. O-O {C65: Ruy Lopez: Berlin Defence (3...Nf6),
unusual lines and 4 0-0 Bc5.} d6 7. d4 O-O ({Much worse is} 7... Nxe4 $6 8.
Bxe7 Kxe7 9. Qe2 $16) 8. Bxc6 {The position is equal.} bxc6 9. Nc3 h6 10. Be3
exd4 11. Nxd4 Bd7 12. h3 c5 {aiming for ...d5.} 13. Nde2 Bc6 14. Ng3 Re8 15.
Qf3 Bf8 16. Rad1 Qe7 {[%cal Rf6e4]} 17. Nf5 (17. Nd5 $1 $11 Nxd5 18. exd5)
17... Qe5 $17 {[%cal Rf6e4]} 18. Nd5 (18. Qg3 $17 Qxg3 19. Nxg3) 18... Nxd5 $1
$19 ({Stronger than} 18... Nxe4 19. Nxc7 Qxb2 20. Nxa8 $14) 19. exd5 Bd7 20.
Ng3 Qxb2 {[%mdl 64] Double Attack} 21. Nh5 Qxc2 22. Bxh6 (22. Rb1 $142) 22...
Qf5 (22... Bb5 $142 23. Rc1 Qe4 24. Qxe4 Rxe4) 23. Bf4 Rab8 24. Ng3 Qf6 25.
Rfe1 Rxe1+ 26. Rxe1 Qg6 27. Qa3 (27. Kh2 $17) 27... Rb1 28. Rxb1 Qxb1+ 29. Kh2
Qb4 30. Qe3 Qd4 31. Qf3 (31. Qxd4 $17 cxd4 32. Ne2) 31... c4 {[%cal Bc5c4,
Bc4c3,Bc3c2][%mdl 32]} 32. Be3 Qd3 33. Ne4 (33. Qe4 $142) 33... c3 34. Qf4 (34.
Ng5 $142 f6 35. Ne6) 34... c2 35. Ng5 Qf5 (35... Qxd5 $142 {Strongly
threatening ...f6.} 36. Qh4 Bf5) 36. Qc4 Qe5+ 37. g3 Qf5 (37... Bf5 $1 $19 {
...a6! is the strong threat.} 38. h4 a5) 38. Qxc7 {[#]} Bb5 (38... Be7 $1 $17 {
[%cal Re7g5]} 39. h4 Bf8) 39. g4 $11 Qe5+ 40. f4 Qxd5 41. Qxc2 {[%csl Gg5]
[%cal Rc2h7]} Bd3 $36 {[%mdl 2048] Black has good play.} 42. Qc8 (42. Qb3 $11 {
and White is okay.} Qxb3 43. axb3) 42... Qxa2+ $19 43. Kg3 {[#]} a5 $1 {
[%cal Ba7a5,Ba5a4,Ba4a3][%mdl 32]} 44. f5 (44. Qc3 $142 Qe2 45. Bd4) 44... Qe2
45. Qe8 Bc4 46. Qe4 a4 47. f6 {[%csl Gg5][%cal Re4h7]} g6 48. h4 (48. Bd4 $142)
48... Qd3 (48... d5 $142 49. Qf4 a3) 49. Qe8 (49. Qxd3 Bxd3 50. Kf4) 49... a3
50. h5 gxh5 {Threatens to win with ...a2.} 51. gxh5 Be6 {Black mates.} 52. Kf2
Qf5+ 53. Nf3 Bd5 54. Bh6 Qxf3+ 55. Ke1 Qe4+ {Weighted Error Value: White=0.65/
Black=0.29} 0-1

[Event "9th Norway Chess 2021"]
[Site "Stavanger"]
[Date "2021.09.08"]
[Round "4.3"]
[White "Karjakin, Sergey"]
[Black "Rapport, Richard"]
[Result "1/2-1/2"]
[WhiteElo "2758"]
[BlackElo "2760"]
[Annotator "TA"]
[PlyCount "134"]
[EventDate "2021.08.31"]
[EventType "tourn"]
[EventCountry "NOR"]
[SourceTitle "playchess.com"]
[Source "ChessBase"]
[SourceQuality "1"]

{[%evp 11,134,30,37,7,12,10,8,6,26,-18,-12,-7,-4,-37,-36,-36,-40,-76,-84,-81,
-90,-105,-94,-102,-85,-97,-43,-58,-55,-58,-64,-64,-29,-72,0,-53,0,-78,-84,-138,
-121,-342,18,12,19,19,19,18,16,12,65,65,110,110,108,108,108,108,147,147,147,
147,147,147,147,147,147,147,147,147,147,147,147,147,147,147,147,122,157,157,
157,157,157,157,157,157,157,0,157,157,157,157,157,157,157,157,157,157,157,157,
157,157,157,157,157,157,157,157,157,157,157,157,157,157,157,67,67,67,67,67,67,
68,68,67,67]} 1. e4 d5 2. exd5 Qxd5 3. Nc3 Qa5 4. d4 Nf6 5. Nf3 Bf5 6. Bc4 e6
7. Bd2 {Strongly threatening Nd5. B01: Scandinavian Defence.} Bb4 {Nowadays
more popular than 7...c6.} 8. a3 Bxc3 9. Bxc3 {The position is equal.} Qb6 10.
Ne5 Nc6 11. O-O O-O 12. Bb3 {[#]} Nxe5 $146 ({Predecessor:} 12... Rad8 13. Nc4
Qa6 14. Ne3 Bg6 15. a4 Nxd4 16. Bxd4 c5 {1/2-1/2 (16) Halvax,G (2433)-Besner,B
(2135) St Veit 2018}) 13. dxe5 {[#]} Rfd8 $1 14. exf6 (14. Qf3 Ne4) 14... Rxd1
15. Raxd1 g5 16. Rd7 h5 17. Rfd1 Rf8 18. Re7 Kh7 (18... g4 $17 19. Ba4 c5) 19.
Bc4 $15 Kg6 20. Rdd7 Qc6 21. Rxc7 Qe4 22. Bf1 h4 (22... Qxc2 $17 23. Red7 (23.
Rxb7 Bd3 $15) 23... Qb1) 23. h3 ({Reject} 23. Rxb7 h3 $17) (23. Red7 $1 $11)
23... b6 (23... Qxc2 $15 24. Rxb7 Qc1) 24. Rxa7 (24. Red7 $11 {keeps the
balance.} a5 25. Bd4) 24... g4 $17 25. Red7 (25. Bd3 $142 Qf4 26. Bxf5+ Qxf5
27. Ra4 gxh3 28. Rxh4) 25... gxh3 26. Rd4 $2 (26. gxh3 $17 {is the only way
for White.} Qxc2 27. Bg2 (27. Bb4 $2 Qb1 $19)) 26... hxg2 $2 ({Black should
play} 26... Qxc2 $19 27. Raa4 Qc1 28. Rxh4 Rd8) 27. Rxe4 $11 gxf1=R+ 28. Kxf1
Bxe4 $19 {[%mdl 4096] Endgame KRB-KRB} 29. Ra4 Kf5 30. f3 $1 {[%cal Rf3e4]}
Bxc2 ({Better is} 30... Bxf3 $11 31. Rxh4 Be4) 31. Rxh4 $14 e5 32. Rh5+ Kxf6
33. Rxe5 Kg6 34. Kf2 Rd8 35. Rb5 Rd6 36. Be5 Bd3 37. Bxd6 Bxb5 $16 {KB-KB} 38.
Bc7 Kf5 39. Ke3 Ke6 40. Bxb6 Kd5 41. b3 Bd7 42. Kd3 Bh3 43. a4 Bg2 44. f4 f5
45. Kc3 $1 {Threatens to win with b4.} Bf3 46. Bc7 Bd1 47. Be5 Kc5 48. Kb2 Kd5
49. Kc3 Kc5 50. Bd4+ Kc6 51. Kc4 Bc2 52. Be3 Bd1 53. Kb4 Bc2 54. Ka3 Kd5 55.
Bf2 Bd1 56. b4 {[%cal Bb3b4,Bb4b5,Bb5b6][%mdl 32]} Kc4 57. b5 Bc2 {[#]} 58. Be1
$1 Bd1 59. Bb4 Bc2 60. Bd6 Bd1 61. Bc7 Bc2 {[#]} 62. b6 $1 {[%cal Rb6b7]} Be4
63. a5 (63. Be5 $16) 63... Kb5 $14 {White is slightly better.} 64. Kb3 Bb7 65.
Kc3 Kxa5 66. Kd4 {Black must now prevent Ke5.} Ka6 67. Ke5 Be4 {Quite a
comeback for White.  Weighted Error Value: White=0.16/Black=0.19} 1/2-1/2

[Event "9th Norway Chess 2021"]
[Site "Stavanger"]
[Date "2021.09.12"]
[Round "5.1"]
[White "Nepomniachtchi, Ian"]
[Black "Rapport, Richard"]
[Result "1/2-1/2"]
[WhiteElo "2792"]
[BlackElo "2760"]
[Annotator "TA"]
[PlyCount "71"]
[EventDate "2021.08.31"]
[EventType "tourn"]
[EventCountry "NOR"]
[SourceTitle "playchess.com"]
[Source "ChessBase"]
[SourceQuality "1"]

{[%evp 9,71,0,16,22,28,3,-12,-8,12,10,16,0,0,0,15,-32,-26,-19,-7,-7,0,-6,2,3,
12,7,53,44,50,50,51,50,66,46,49,32,27,30,40,38,42,30,28,31,36,36,37,2,2,0,0,0,
0,0,0,0,0,0,0,-5,-4,-4,-4,-6]} 1. Nf3 d5 2. d4 Nf6 3. Bf4 Bf5 4. c4 e6 5. Nc3
Nbd7 6. e3 {D06: Queen's Gambit: Symmetrical and Baltic Defences.} Bb4 7. Rc1 (
7. Qb3 $5 {[%cal Rb3b4]} a5 8. a3 Bxc3+ 9. bxc3 $11) 7... O-O 8. Be2 {[#]} c5
$146 ({Predecessor:} 8... Ne4 9. Qb3 c5 10. O-O g5 11. Bg3 g4 12. Nh4 Nd2 13.
Qd1 Nxf1 14. Kxf1 cxd4 15. exd4 Bxc3 16. Rxc3 dxc4 17. Bxg4 {0-1 (32) Rosen,E 
(2353)-Kashlinskaya,A (2494) Chess.com INT 2020}) 9. O-O cxd4 10. Nxd4 {
[#] Nxd5! is the strong threat.} Bg6 {aiming for ...e5.} 11. Bg3 Bxc3 12. bxc3
dxc4 13. Bd6 Re8 {White should prevent ...Rc8.} 14. Nb5 Nd5 {And now ...Qb6
would win.} 15. Bxc4 N7b6 16. Bxd5 Nxd5 17. Bg3 Re7 18. c4 Nf6 19. Qxd8+ Rxd8
20. Nxa7 Ra8 21. Nb5 Rxa2 22. Ra1 Rxa1 23. Rxa1 h6 24. f3 Bd3 25. Nd6 Rc7 26.
e4 Nh5 27. Be1 f6 28. Ra4 Nf4 {The position is equal.} 29. Bd2 e5 30. Rb4 Ne6
31. Be3 h5 32. Rb6 Rc6 33. c5 Ba6 34. g3 Rxb6 35. cxb6 Kf8 36. f4 {Weighted
Error Value: White=0.05/Black=0.04} 1/2-1/2

[Event "9th Norway Chess 2021"]
[Site "Stavanger"]
[Date "2021.09.12"]
[Round "5.1"]
[White "Karjakin, Sergey"]
[Black "Carlsen, Magnus"]
[Result "1-0"]
[WhiteElo "2758"]
[BlackElo "2855"]
[Annotator "TA"]
[PlyCount "107"]
[EventDate "2021.08.31"]
[EventType "tourn"]
[EventCountry "NOR"]
[SourceTitle "playchess.com"]
[Source "ChessBase"]
[SourceQuality "1"]

{[%evp 20,107,26,21,36,35,37,33,33,35,43,5,20,10,16,0,0,0,19,0,0,-31,-8,-8,-25,
-23,-7,-58,-44,-57,0,0,0,-37,36,31,51,55,147,150,199,206,218,201,190,212,334,
339,345,310,334,315,309,304,262,265,381,18,293,246,240,0,159,0,0,0,489,122,622,
263,1112,976,2179,1987,1798,1644,1904,1558,1669,989,29971,29970,29974,29974,
29976,29977,29976,29975,29974,29972]} 1. e4 c5 2. Nf3 Nc6 3. d4 cxd4 4. Nxd4
Nf6 5. Nc3 e5 6. Ndb5 d6 7. Nd5 Nxd5 8. exd5 Ne7 9. c4 Ng6 10. Qa4 Bd7 11. Qb4
Qb8 {B33: Sicilian: Pelikan and Sveshnikov Variations.} (11... Bf5 12. h4 h5
13. Bg5 Qb8 14. Be2 a6 15. Nc3 Qc7 16. g3 Be7 17. Be3 e4 18. O-O O-O 19. Bxh5
Ne5 20. Be2 Qd7 21. Qa4 Qc8 22. c5 dxc5 23. Nxe4 {0-1 (39) Karjakin,S (2753)
-Carlsen,M (2845) Shamkir 2019 CBM 190 [Nielsen,Peter Heine]}) 12. h4 {And now
h5 would win.} h5 13. Be3 a6 {White is slightly better.} 14. Nc3 Be7 15. g3 O-O
16. Be2 b5 $1 17. cxb5 axb5 18. Bxh5 {[#]} Bd8 $146 ({Predecessor:} 18... Rc8
19. Rc1 Bd8 20. Bxg6 fxg6 21. O-O Ba5 22. Qb3 Bxc3 23. Rxc3 Rxc3 24. bxc3 {
1/2-1/2 (24) Pecka,J (2429)-Pravec,L (2380) ICCF email 2016}) 19. O-O Ne7 20.
Bg5 {[#]} Ba5 $1 {[%mdl 1024] Black has compensation.} 21. Qb3 Nf5 22. Ne2 Bb6
23. Rac1 (23. Qf3 $11) 23... Ra4 $15 24. Rc6 Bxc6 (24... Qa7 $15) 25. dxc6 $11
Rc4 26. a4 Nd4 (26... Rxc6 $6 27. Qf3 $11) ({Better is} 26... Rxa4 $15 27. Bg6
Nd4 28. Nxd4 Bxd4) 27. Nxd4 $14 Bxd4 28. axb5 d5 (28... Rc5 $14) 29. Rc1 $1 $16
Rxc1+ 30. Bxc1 Qb6 31. Be3 {[%cal Re3d4]} ({Worse is} 31. Qxd5 Bxf2+ 32. Kh2
Bxg3+ 33. Kxg3 Qg1+ 34. Kh3 Qf1+ 35. Kh2 Qf2+ 36. Qg2 Qxh4+ 37. Qh3 Qf2+ 38.
Qg2 Qh4+ 39. Qh3 Qf2+ 40. Qg2 Qh4+ $11) 31... Bxe3 32. fxe3 $18 {[%mdl 4096]
Endgame KQR-KQB} ({Inferior is} 32. Qxe3 Qxb5 33. c7 Rc8 $17) 32... Rd8 (32...
g6 {might work better.}) 33. Kg2 g6 34. Be2 Kg7 35. Qc3 d4 36. exd4 exd4 37.
Qd3 Qa5 (37... Re8 $142 38. Qc4 Re7) 38. Qc2 $2 (38. h5 $18) 38... Qb4 $2 {
[%mdl 8192]} (38... Re8 $1 $11) 39. b3 Re8 {[#]} 40. Bc4 $2 (40. c7 $1 $18 {
[%cal Rc7c8]} Rc8 41. Bg4) 40... Re7 $2 {[#]} (40... Qc3 $1 $11 41. Qf2 f6) 41.
Qf2 $2 ({White should play} 41. Qd3 $1 $16 {[%cal Rd3d4]} Qc5 42. Qf3) 41...
Qc3 $11 {Hoping for ...d3.} 42. Qf3 $36 {[%mdl 2048] b6 is the strong threat.
Black is under pressure.} Qb4 $2 {[%mdl 8192]} (42... Qc2+ $11 43. Kh3 f5) 43.
Kh3 $2 (43. Qd5 $18 {is the precise move to win. aiming for c7.} Qd2+ 44. Kh3)
43... Qd6 {[%mdl 8192]} (43... Qe1 $16) 44. Qf4 (44. b6 $142) 44... Qxf4 $2 (
44... Qc5 45. Kg2 d3) 45. gxf4 $18 {KR-KB} d3 46. Bxd3 Re3+ 47. Kg2 Rxd3 {KR-KP
} 48. b6 Rxb3 49. b7 Rb6 50. h5 {[%mdl 64] Promotion. White mates.} gxh5 51.
Kh3 Rxc6 52. b8=Q Rc5 53. Qb2+ f6 54. Kh4 {Weighted Error Value: White=0.59/
Black=0.74} 1-0

[Event "9th Norway Chess 2021"]
[Site "Stavanger"]
[Date "2021.09.12"]
[Round "5.1"]
[White "Firouzja, Alireza"]
[Black "Tari, Aryan"]
[Result "1-0"]
[WhiteElo "2754"]
[BlackElo "2642"]
[Annotator "TA"]
[PlyCount "71"]
[EventDate "2021.08.31"]
[EventType "tourn"]
[EventCountry "NOR"]
[SourceTitle "playchess.com"]
[Source "ChessBase"]
[SourceQuality "1"]

{[%evp 10,71,19,13,20,15,16,8,10,0,5,0,7,6,15,0,0,0,0,10,16,16,22,32,33,19,38,
47,38,46,50,62,56,6,10,0,0,0,0,0,0,-97,65,59,66,80,75,58,101,104,245,273,497,
477,480,403,515,514,929,934,1068,1041,1503,1456]} 1. e4 e5 2. Nf3 Nc6 3. Bc4
Nf6 4. d3 Bc5 5. c3 d6 6. O-O a5 {C54: Giuoco Piano: 4 c3 Nf6, main lines with
5 d4 and 5 d3.} 7. Re1 O-O 8. h3 h6 {The position is equal.} 9. Bb5 Ba7 10.
Nbd2 {[%cal Bb1d2,Bd2f1,Bf1g3][%mdl 32]} Ne7 11. d4 Ng6 12. a4 c6 13. Bd3 Re8
14. Bc2 {[#]} Be6 $146 ({Predecessor:} 14... Bb8 15. Nf1 d5 16. Nxe5 dxe4 17.
Nxg6 fxg6 18. f3 exf3 19. Rxe8+ Qxe8 20. Qxf3 g5 {1/2-1/2 (61) Rutkus,R (2291)
-Rallabandi,P (2462) ICCF email 2019}) 15. Nf1 Qc7 16. Ng3 Rad8 17. Be3 d5 18.
Nxe5 Nxe5 19. Bf4 {[%mdl 64] Pin} Nfd7 {White must now prevent ...Qb6.} 20.
exd5 Bxd5 21. dxe5 Nxe5 22. Qe2 {[%cal Rf4e5]} Qb6 23. Be3 (23. Bxe5 $2 Rxe5 $1
{[%mdl 512]} 24. Qd2 Be6 $1 $19) 23... Qc7 24. Bf4 {[%cal Rf4e5]} (24. Bxa7
Nf3+ $1 25. gxf3 Rxe2 $17) 24... Qb6 {Strongly threatening ...Nf3+!} 25. Kh1 {
[#]} ({Don't go for} 25. Bxe5 $2 Rxe5 $1 {[%mdl 512]} 26. Qd2 Be6 $1 $19) (25.
Be3 $11 Qc7 26. Nf5 (26. Bxa7 Nf3+ {[%mdl 64] Discovered Attack} 27. gxf3 Rxe2
$17)) 25... Ng6 $2 ({Better is} 25... Bc4 $1 $17 {[%cal Rc4e2]} 26. Qe3 (26.
Qe4 Bd3 $17) 26... Bd3 $1 27. Qxb6 Bxb6) 26. Qxe8+ $14 Rxe8 27. Rxe8+ Kh7 28.
Re2 $36 {[%mdl 2048] White fights for an advantage.} Kg8 {Hoping for ...Bxg2+!}
29. Be3 c5 {Black cannot hold the game after this.} (29... Qa6 $16 {keeps
fighting.}) 30. Rd1 $18 {[%cal Ba1d1,Bd1d6,Bd6d7,Bd7f7][%mdl 32]} Qc6 {[#]} (
30... Bc6 {was necessary.} 31. Red2 Nf8) 31. Red2 $1 {[%cal Rd2d5]} Bxg2+ 32.
Kh2 Bf3 33. Rd8+ {White is clearly winning.} Kh7 (33... Nf8 $142 34. R1d6 Qc7)
34. R1d6 Qc7 35. R6d7 Qc6 36. Rxf7 {Weighted Error Value: White=0.08/Black=0.32
} 1-0

[Event "9th Norway Chess 2021"]
[Site "Stavanger"]
[Date "2021.09.12"]
[Round "5.2"]
[White "Nepomniachtchi, Ian"]
[Black "Rapport, Richard"]
[Result "1-0"]
[WhiteElo "2792"]
[BlackElo "2760"]
[Annotator "TA"]
[PlyCount "137"]
[EventDate "2021.08.31"]
[EventType "tourn"]
[EventCountry "NOR"]
[SourceTitle "playchess.com"]
[Source "ChessBase"]
[SourceQuality "1"]

{[%evp 12,137,27,33,64,74,61,70,95,75,91,83,92,83,77,43,46,49,49,53,52,56,140,
138,135,129,242,149,141,129,337,320,327,327,320,324,349,321,400,397,433,410,
427,417,406,335,335,335,503,339,335,335,335,335,335,335,335,335,335,335,335,
335,335,335,335,335,335,343,343,343,343,343,335,335,327,327,427,321,319,306,
303,274,506,411,347,0,498,452,513,493,515,522,522,522,522,522,522,513,520,496,
580,574,760,723,882,856,1780,1655,1925,1858,2110,2003,3395,2776,12843,12841,
5093,3871,29958,29963,29953,12072,29957,12790,29977,29975,29990,29991]} 1. e4
d5 2. exd5 Qxd5 3. Nc3 Qa5 4. d4 Nf6 5. Nf3 Bf5 6. Ne5 c6 7. Bf4 e6 {B01:
Scandinavian Defence.} 8. g4 Bg6 9. h4 Bb4 {White is slightly better.} 10. Bd2
{Black must now prevent h5.} ({Much weaker is} 10. Nxg6 $6 hxg6 11. Bd2 Bxc3
$11) 10... Nbd7 11. Nxd7 Kxd7 12. h5 $1 {[%cal Rh5g6]} Be4 13. Rh3 h6 14. a3
Bxc3 15. Rxc3 {[#]} Qc7 $146 ({Predecessor:} 15... Qb6 16. Bf4 Rad8 17. f3 Bh7
18. Rb3 Qa5+ 19. Qd2 Qxd2+ 20. Kxd2 Kc8 21. Be5 Ne8 {0-1 (34) Spencer,C (2205)
-Coleman,D (2268) England 2013}) 16. Qe2 Bd5 (16... Rad8 $14) 17. Re3 $1 $16 b5
{[#]} 18. b3 $1 Qh2 (18... Rhb8 $16 {was worth a try.}) 19. Rg3 Ne4 {[#]} 20.
Rh3 {[%cal Rh3h2]} Nxd2 $2 (20... Qc7 $16) 21. Rxh2 $18 Nf3+ 22. Kd1 Nxh2 23.
Kc1 Nxf1 24. Qxf1 a5 25. Qe2 b4 26. axb4 axb4 27. Rxa8 Rxa8 {[%mdl 4096]
Endgame KQ-KRB} 28. Kb2 f6 29. f4 Ra5 (29... Ke8 $142 30. Qd3 Ra7) 30. Qd3 Ke7
31. Qh7 Kf8 32. Qh8+ Kf7 33. Qd8 Rb5 34. g5 fxg5 35. fxg5 hxg5 36. Qxg5 Rb7 37.
Qd8 Rb5 38. Qd7+ Kf8 39. Kc1 Kg8 40. Kd2 Kh7 41. Qf7 Kh8 42. Ke3 Rb8 43. Qe7
Kg8 44. Qd6 Rb7 45. Qd8+ Kh7 46. Qe8 Ra7 $2 (46... Rb6 47. Qg6+ Kh8) 47. Qg6+
Kh8 48. Qe8+ (48. h6 $142) 48... Kh7 49. Qb8 Ra2 50. Kd3 Bf3 51. Qxb4 Bxh5 {
Black hopes to continue with ...Bg6+.} 52. c4 Bg6+ 53. Ke3 Rb2 54. Qa3 Rb1 55.
Qa4 Bf5 56. Kf4 Kh6 57. Qxc6 g5+ 58. Ke5 Kh5 59. d5 Re1+ 60. Kf6 Rf1 61. Kg7
exd5 62. cxd5 Rd1 63. b4 {[%cal Bb3b4,Bb4b5,Bb5b6,Bb6b7][%mdl 32]} Kg4 64. b5
Be4 65. Qe6+ Kf4 66. d6 Bf5 67. Qe2 Rd5 68. b6 g4 69. b7 {Weighted Error Value:
White=0.17/Black=0.31} 1-0

[Event "9th Norway Chess 2021"]
[Site "Stavanger"]
[Date "2021.09.13"]
[Round "6.1"]
[White "Carlsen, Magnus"]
[Black "Firouzja, Alireza"]
[Result "1-0"]
[WhiteElo "2855"]
[BlackElo "2754"]
[Annotator "TA"]
[PlyCount "103"]
[EventDate "2021.08.31"]
[EventType "tourn"]
[EventCountry "NOR"]
[SourceTitle "playchess.com"]
[Source "ChessBase"]
[SourceQuality "1"]

{[%evp 17,103,39,45,16,16,9,22,11,15,-33,10,10,10,10,10,10,10,10,8,9,9,11,26,
25,25,26,30,17,17,17,17,17,22,9,9,9,9,0,9,9,9,0,0,0,9,9,9,9,9,9,9,9,9,9,9,9,9,
9,9,0,0,0,0,0,47,47,12790,12789,12833,12837,29948,12845,5786,5793,5786,4521,
29974,29975,29975,29976,29976,29977,29977,29978,29981,29982,29982,29983]} 1. e4
e5 2. Nf3 Nc6 3. Bb5 a6 4. Ba4 Nf6 5. O-O b5 6. Bb3 Bc5 7. a4 Rb8 8. c3 d6 9.
d4 Bb6 10. a5 $1 {[%mdl 4] is recently more successful than 10.axb5. C78: Ruy
Lopez: Archangelsk and Möller Defences.} Ba7 (10... Bxa5 $2 11. dxe5 (11. d5
Ne7 $18) 11... dxe5 12. Qxd8+ Kxd8 13. Bd5 $18 (13. Bxf7 Bb6 $16)) 11. h3 Bb7
12. Be3 {next d5 is good for White.The position is equal.} Nxe4 {[#]} 13. Nbd2
$1 $146 {[%mdl 8] A top novelty.} (13. Re1 {is more complex.} exd4 14. cxd4 d5
15. Nc3 Ne7 16. Nxe4 dxe4 17. Ng5) ({Predecessor:} 13. d5 Bxe3 14. dxc6 Nxf2
15. Qe2 Nxh3+ 16. Kh1 Nf2+ 17. Rxf2 Bxf2 18. Qxf2 Bxc6 19. Nxe5 Bxg2+ {1-0 (50)
Duda,J (2738)-Vidit,S (2726) Krasnaya Polyana 2021}) 13... Nxd2 (13... exd4 {
looks sharper.} 14. cxd4 Nxd2 15. Qxd2 O-O 16. Rfe1 Re8) 14. Qxd2 O-O 15. dxe5
dxe5 16. Qxd8 Rbxd8 17. Bxa7 Nxa7 18. Nxe5 Bd5 19. Bc2 Nc6 20. Nxc6 Bxc6 21.
Rad1 Rfe8 22. Rxd8 (22. f3 {with more complications.} Bd5 23. Kf2 Kf8 24. h4 g6
25. g4) 22... Rxd8 23. Rd1 Rxd1+ 24. Bxd1 $11 {[%mdl 4096] Endgame KB-KB} Kf8
25. f4 Ke7 26. Kf2 Kd6 27. b4 Bd5 28. g4 h6 29. g5 hxg5 30. fxg5 c5 31. Ke3
cxb4 32. cxb4 Ke5 33. h4 {aiming for Bg4.} g6 $1 34. Bg4 Be6 {[%cal Re6g4] [#]}
35. h5 $1 gxh5 $1 ({But not} 35... Bxg4 $2 36. h6 $18) 36. Bxh5 Kf5 37. Bf3 Bc8
({Don't go for} 37... Kxg5 $2 38. Bb7 $18) 38. Kd4 {Black must now prevent Bd5.
} Kxg5 {Threatens to win with ...Kf4.} 39. Ke5 {Strongly threatening Kd6.} f5
$1 40. Kd6 {And now Kc7 would win.} f4 (40... Kf4 {seems wilder.} 41. Bc6 Ke3
42. Kc7 Be6 43. Kb7 Bc4) 41. Ke5 Kg6 $2 {[%mdl 8192] This move loses the game
for Black.} (41... Bh3 $14) 42. Kxf4 $18 Kf6 {[#]} 43. Bd5 $1 Bd7 44. Bb7 Ke6
45. Ke4 Kd6 46. Bxa6 Bc6+ 47. Kd4 {White mates.} Be8 48. Bb7 Bd7 49. Bf3 Bc8
50. Be2 Bd7 51. Bd3 Bc6 52. Be4 {Weighted Error Value: White=0.04/Black=0.23}
1-0

[Event "9th Norway Chess 2021"]
[Site "Stavanger"]
[Date "2021.09.13"]
[Round "6.1"]
[White "Rapport, Richard"]
[Black "Tari, Aryan"]
[Result "1-0"]
[WhiteElo "2760"]
[BlackElo "2642"]
[Annotator "TA"]
[PlyCount "115"]
[EventDate "2021.08.31"]
[EventType "tourn"]
[EventCountry "NOR"]
[SourceTitle "playchess.com"]
[Source "ChessBase"]
[SourceQuality "1"]

{[%evp 14,115,13,3,4,0,22,19,42,0,0,0,2,0,0,0,0,10,39,17,52,49,70,70,72,54,51,
60,83,83,83,81,80,83,82,72,82,77,121,108,248,256,257,254,254,251,237,233,190,
155,157,156,157,153,157,157,166,166,166,166,233,166,166,166,166,164,166,166,
172,183,173,177,183,167,169,169,198,169,169,166,158,160,389,354,734,624,1585,
1363,1429,1386,1224,1198,1105,1055,29965,29964,29968,29963,29971,29972,29980,
29981,29983,29984]} 1. d4 d5 2. c4 e6 3. Nc3 c5 4. cxd5 cxd4 5. Qa4+ Bd7 6.
Qxd4 exd5 7. Nf3 Nf6 8. Bg5 Nc6 {D41: Queen's Gambit Declined: Semi-Tarrasch
with 5 cxd5.} 9. Qd3 {[#]} Rc8 $146 ({Predecessor:} 9... Be7 10. e3 Qa5 11. Be2
Ne4 12. Bxe7 Nxe7 13. O-O Nxc3 14. bxc3 Rc8 15. Rfc1 O-O 16. c4 {1-0 (48)
Edouard,R (2646)-Horvath,J (2531) Vaujany 2012}) 10. e3 h6 {The position is
equal.} 11. Bh4 (11. Bxf6 $5 Qxf6 12. Qxd5 $14) 11... Bb4 (11... g5 $5 12. Bg3
$8 Bb4 $11) 12. Rc1 O-O 13. Be2 g5 14. Bg3 Bxc3+ 15. bxc3 Be6 16. Nd4 Nxd4 17.
Qxd4 Ne4 18. f3 $1 {[%cal Rf3e4]} Nd6 19. Bxd6 Qxd6 20. h4 Qb6 21. hxg5 {
Threatens to win with Qf6.} Qxd4 22. exd4 {Rh5 is the strong threat.} hxg5 23.
Rh5 $1 {[%cal Rh5g5]} f6 24. Bd3 $1 Rf7 25. Kd2 Kf8 26. Re1 $1 {[%cal Re1e6]}
Rc6 {This costs Black the game.} (26... Bd7 $16) 27. Rh8+ $1 $18 Kg7 {[#]} 28.
Reh1 {[%csl Gd3,Gh8][%cal Rh1h7]} f5 29. R1h7+ Kf6 30. Rh6+ Kg7 31. Bb5 Rc8 32.
R8h7+ Kg8 33. Rxf7 Bxf7 $16 {[%mdl 4096] Endgame KRB-KRB} 34. Bd7 Rd8 35. Bxf5
Kg7 36. Rh7+ Kf6 (36... Kg8 $142 37. Bc2 Re8) 37. Bd3 Rc8 38. Rh6+ Ke7 39. Bf5
Rc4 40. Kc2 b6 41. Kb3 Rc7 42. Bg4 Kf8 43. Rf6 {And now Bh5 would win.} Kg7 44.
Rd6 Re7 45. g3 Kf8 46. a3 Re1 47. Rd8+ Re8 $2 {[#]} (47... Ke7 $16 {keeps
fighting.} 48. Rd7+ Kf8 49. Rxa7 Bg6 50. Ra8+ Kg7) 48. Rxe8+ $1 $18 Kxe8 $2 {
KB-KB} (48... Bxe8 49. c4 Bc6) 49. Kb4 Kd8 50. Kb5 Kc7 51. Ka6 Kb8 52. f4 gxf4
53. gxf4 Bg6 54. f5 {White mates.} Be8 55. Bf3 Bf7 56. a4 Bg8 57. Bh5 Kc7 58.
Kxa7 {Weighted Error Value: White=0.05/Black=0.34} 1-0